Ensayos sobre la transición democrática en la Argentina (Record no. 29811)
[ view plain ]
| 000 -CABECERA | |
|---|---|
| campo de control de longitud fija | 00644cam a22002052a 4500 |
| 001 - NÚMERO DE CONTROL | |
| campo de control | 024122 |
| 003 - IDENTIFICADOR DEL NÚMERO DE CONTROL | |
| campo de control | AR-FADEU |
| 008 - DATOS DE LONGITUD FIJA--INFORMACIÓN GENERAL | |
| campo de control de longitud fija | 311216n1987####xxu####################dd |
| 092 ## - ASIGNACIÓN LOCAL DE SIGNATURA TOPOGRÁFICA DEWEY (OCLC) | |
| Número de clasificación | 320.982 |
| Número de documento/Ítem | E56 |
| Característica del encabezamiento | BDT |
| 100 ## - ENTRADA PRINCIPAL--NOMBRE DE PERSONA | |
| Nombre de persona | Nun, José, comp |
| 245 ## - MENCIÓN DE TÍTULO | |
| Título | Ensayos sobre la transición democrática en la Argentina |
| 260 ## - PUBLICACIÓN, DISTRIBUCIÓN, ETC. (PIE DE IMPRENTA) | |
| Lugar de publicación, distribución, etc. | Buenos Aires |
| 260 ## - PUBLICACIÓN, DISTRIBUCIÓN, ETC. (PIE DE IMPRENTA) | |
| Nombre del editor, distribuidor, etc. | Puntosur |
| 260 ## - PUBLICACIÓN, DISTRIBUCIÓN, ETC. (PIE DE IMPRENTA) | |
| Fecha de publicación, distribución, etc. | 1987 |
| 300 ## - DESCRIPCIÓN FÍSICA | |
| Extensión | 418 p |
| 440 ## - MENCIÓN DE SERIE/PUNTO DE ACCESO ADICIONAL--TÍTULO | |
| Título | Puntosur ensayos |
| 650 ## - PUNTO DE ACCESO ADICIONAL DE MATERIA--TÉRMINO DE MATERIA | |
| Término de materia o nombre geográfico como elemento inicial | ARGENTINA-POLITICA-1983; DEMOCRACIA-TRANSICION; GOBIERNO DE RAUL ALFONSIN; CONDICIONES SOCIOECONOMICAS; CRISIS MILITAR 1987-SEMANA SANTA/BDT/ |
| 700 ## - PUNTO DE ACCESO ADICIONAL--NOMBRE DE PERSONA | |
| Nombre de persona | Juan Carlos, Portantiero |
| 942 ## - ELEMENTOS DE PUNTO DE ACCESO ADICIONAL (KOHA) | |
| Tipo de ítem Koha | BDT |
| Estado de retiro | Estado de pérdida | Estado dañado | No para préstamo | Código de colección | Localización permanente | Ubicación/localización actual | Ubicación en estantería | Fecha de adquisición | Número de inventario | Total de préstamos | Signatura topográfica completa | Código de barras | Fecha visto por última vez | Precio válido a partir de | Tipo de ítem Koha |
|---|---|---|---|---|---|---|---|---|---|---|---|---|---|---|---|
| Biblioteca Demetri Taranda | Biblioteca Ernesto Sabato - FADECS - UNCOMA | Biblioteca Ernesto Sabato - FADECS - UNCOMA | Biblioteca Demetri Taranda | 22/02/2017 | 21067 | 320.982 E56 | 21067 | 22/02/2017 | 22/02/2017 | BDT |